| 000 | 01190nam a22003377a 4500 | ||
|---|---|---|---|
| 003 | CHAP | ||
| 005 | 20220329133505.0 | ||
| 008 | 971013s1992 r 00010 d | ||
| 010 | _a6999 | ||
| 011 | _a7971 | ||
| 035 | _a7196 | ||
| 040 | _cCHAP | ||
| 082 |
_a338.18 _bF47 |
||
| 110 |
_aFAO. Oficina Regional para América Latina y el Caribe _939640 |
||
| 245 | _aPlanificación de la prestación de servicios de apoyo para el desarrollo rural | ||
| 260 |
_aSantiago,Chile : _bFAO, _c1992 |
||
| 300 | _a206 p. | ||
| 590 |
_aBATCH-UPD _b10 _c20130110 _lUCH01 _h0954 |
||
| 590 |
_aBATCH-UPD _b10 _c20130410 _lUCH01 _h0607 |
||
| 590 |
_aBATCH-UPD _b10 _c20130914 _lUCH01 _h1154 |
||
| 590 |
_aCONVERSION _b10 _c20130109 _lUCH01 _h1305 |
||
| 650 | 1 | 4 |
_aDesarrollo rural. _932067 |
| 650 | 1 | 4 |
_aPolítica agrícola. _990283 |
| 700 | 0 |
_aDehter, Aaron. _931522 |
|
| 901 | _aBK | ||
| 942 | _cLIBRO | ||
| 949 |
_a338.18 F47 _bBC _cFAO _d-17012 _eFAO1 _h84487 _i7196 _mD _si |
||
| 949 |
_a338.18 F47 _bBC _cFAO _d-17013 _eFAO2 _fc.2 _h84488 _i7196 _mD _si |
||
| 949 |
_a338.18 F47 _bBC _cLIBRO _d33724000747457 _eLIBRO _fc.3 _h96806 _i7196 _sb |
||
| 949 |
_a338.18 F47 _bBC _cLIBRO _d33724000747689 _eLIBRO _fc.4 _h96807 _i7196 _si |
||
| 999 |
_c6999 _d6999 |
||